[Event "Mistrzostwa Polski Mlodzikow do 10 lat  - chlopcy"]
[Site "Chrusty k. Zagnanska"]
[Date "1899-12-30"]
[Round "1.1"]
[White "Seemann, Jakub"]
[Black "Szreter, Marek"]
[Result "1-0"]
[WhiteTitle "II+"]
[BlackTitle "II"]
[WhiteElo "1627"]
[BlackElo "1172"]

1. e4 c6 2. d4 d5 3. Nc3 dxe4 4. Nxe4 Bf5 5. Ng3 Bg6 6. h4 h6 7. Nf3 Nd7 8. h5
Bh7 9. Bd3 Bxd3 10. Qxd3 Ngf6 11. Bd2 Qc7 12. O-O-O O-O-O 13. Ne4 e6 14. g3 Nxe4
15. Qxe4 Nf6 16. Qe2 Bd6 17. c4 Rhe8 18. c5 Bf8 19. b4 a6 20. Bf4 Qd7 21. Qe5
Bd6 22. cxd6 Rg8 23. Nd2 Ne8 24. Nc4 1-0

[Event "Mistrzostwa Polski Mlodzikow do 10 lat  - chlopcy"]
[Site "Chrusty k. Zagnanska"]
[Date "1899-12-30"]
[Round "1.2"]
[White "Maciejek, Marcel"]
[Black "Krawczyk, Flawian"]
[Result "0-1"]
[WhiteTitle "II"]
[BlackTitle "II"]
[WhiteElo "1165"]
[BlackElo "1580"]

1. e4 c6 2. Nc3 d5 3. d3 dxe4 4. dxe4 Qxd1+ 5. Nxd1 Nf6 6. Nc3 Nbd7 7. Be3 g6 8.
Nf3 Bg7 9. Bd3 Ng4 10. Bd2 Nde5 11. Nxe5 Nxe5 12. h3 Be6 13. O-O O-O-O 14. Be3
Nxd3 15. cxd3 Bd4 16. Bh6 Bxc3 17. bxc3 Rxd3 18. Rfe1 Rhd8 19. Rec1 f6 20. Be3
Kb8 21. a4 Bc4 22. Bc5 R8d7 23. a5 e5 24. f3 f5 25. Kh2 f4 26. Bf2 g5 27. Be1
h5 28. Bf2 Rd2 29. Be1 R2d6 30. Bf2 g4 31. fxg4 hxg4 32. g3 Rd2 33. Kg1 gxh3 34.
Be1 Rg2+ 35. Kh1 Be2 36. gxf4 Bf3 37. Bh4 Ra2+ 38. Kg1 h2+ 39. Kf1 0-1

[Event "Mistrzostwa Polski Mlodzikow do 10 lat  - chlopcy"]
[Site "Chrusty k. Zagnanska"]
[Date "1899-12-30"]
[Round "1.3"]
[White "Borowik, Wojciech"]
[Black "Uhryn, Mateusz"]
[Result "1-0"]
[WhiteTitle "II+"]
[BlackTitle "III"]
[WhiteElo "1527"]
[BlackElo "1154"]

1. d4 d5 2. c4 dxc4 3. Nc3 Nf6 4. Bg5 Nbd7 5. e3 a6 6. Bxc4 b5 7. Bd3 Bb7 8. Nf3
e6 9. O-O Be7 10. Rc1 O-O 11. Qc2 c5 12. dxc5 Bxc5 13. Bxh7+ Kh8 14. Be4 Bxe4
15. Nxe4 Rc8 16. Bxf6 gxf6 17. h3 Rg8 18. Rfd1 Qe7 19. Rxd7 Qxd7 20. Nxf6 Bxe3
21. Qh7# 1-0

[Event "Mistrzostwa Polski Mlodzikow do 10 lat  - chlopcy"]
[Site "Chrusty k. Zagnanska"]
[Date "1899-12-30"]
[Round "1.4"]
[White "Musin, Pawel"]
[Black "Wielgus, Wojciech"]
[Result "1-0"]
[WhiteTitle "II"]
[BlackTitle "I"]
[WhiteElo "1151"]
[BlackElo "1517"]

1. d4 Nf6 2. Nf3 d5 3. e3 Bf5 4. Bd3 Bxd3 5. Qxd3 e6 6. Qb5+ Nbd7 7. Qxb7 c5 8.
Qa6 c4 9. b3 cxb3 10. axb3 Qc7 11. Ra2 Ne4 12. O-O Bd6 13. Qd3 O-O 14. Ba3 Rfc8
15. Bxd6 Nxd6 16. Rc1 h6 17. Nbd2 Rab8 18. g3 Nf6 19. c4 Rb7 20. Rac2 Qb8 21.
cxd5 Rxc2 22. Qxc2 exd5 23. Qc6 Nde4 24. Nxe4 dxe4 25. Nd2 Rb6 26. Qc7 Rb7 27.
Qxb8+ Rxb8 28. Rc7 a6 29. Ra7 Rb6 30. Nc4 Rxb3 31. Rxa6 Rc3 32. Ne5 Rc1+ 33. Kg2
Rc7 34. Rc6 Re7 35. Rc5 Kh7 36. Rc8 g6 37. Rc6 Kg7 38. f3 exf3+ 39. Kxf3 Nd5 40.
Rd6 Nf6 41. h3 h5 42. g4 hxg4+ 43. hxg4 g5 44. Nd3 Kg6 45. Nb4 Kg7 46. Rxf6 Kxf6
47. Nd5+ Ke6 48. Nxe7 Kxe7 49. Ke4 Ke6 50. d5+ Kd6 51. Kd4 f6 52. e4 Ke7 53. Kc5
Kd7 54. d6 Ke6 55. Kc6 Ke5 56. d7 Kxe4 57. d8=Q Kf4 58. Qxf6+ Kxg4 59. Qf1 1-0

[Event "Mistrzostwa Polski Mlodzikow do 10 lat  - chlopcy"]
[Site "Chrusty k. Zagnanska"]
[Date "1899-12-30"]
[Round "1.5"]
[White "Bartodziej, Bartosz"]
[Black "Nocek, Dominik"]
[Result "1-0"]
[WhiteTitle "II"]
[BlackTitle "II"]
[WhiteElo "1468"]
[BlackElo "1150"]

1. d4 Nf6 2. c4 c5 3. Nf3 cxd4 4. Nxd4 e5 5. Nf3 Nc6 6. Nc3 Bb4 7. Bd2 O-O 8. e3
Re8 9. Be2 Bxc3 10. Bxc3 Ne4 11. Qc2 Nxc3 12. Qxc3 Qa5 13. Qxa5 Nxa5 14. O-O b6
15. Rfd1 Re7 16. Rd2 Ba6 17. b3 Rd8 18. Rc1 Nc6 19. Rcd1 e4 20. Nd4 Nxd4 21. Rxd4
Bb7 22. Bg4 Bc6 23. Rd6 Rc8 24. Bxd7 Rxd7 25. Rxd7 Bxd7 26. Rxd7 Ra8 27. Kf1 Kf8
28. Rd4 Re8 29. Ke2 f5 30. Rd5 g6 31. h3 Re7 32. Kd2 Kf7 33. Kc3 Kf6 34. Kd4 g5
35. g4 f4 36. exf4 gxf4 37. Rf5+ Kg6 38. Rxf4 Kg5 39. Rxe4 Rd7+ 40. Ke3 Kh4 41.
f4 Kxh3 42. f5 Rf7 43. Kf4 Rg7 44. f6 Rxg4+ 45. Kf5 Rg8 46. f7 Rf8 47. Kf6 h5
48. Re8 Rxf7+ 49. Kxf7 h4 50. Ke7 Kg2 51. b4 h3 52. Rh8 h2 53. Rxh2+ Kxh2 54.
c5 bxc5 55. bxc5 Kg2 56. c6 Kf2 57. c7 Ke2 58. c8=Q Kd2 59. Qh3 Kc2 60. Kd6 Kb2
61. Qb3+ Ka1 62. Qc2 a6 63. Qd2 a5 64. Kc5 a4 65. Kd4 a3 66. Kc3 Kb1 67. Kb3 Ka1
68. Qc1# 1-0

[Event "Mistrzostwa Polski Mlodzikow do 10 lat  - chlopcy"]
[Site "Chrusty k. Zagnanska"]
[Date "1899-12-30"]
[Round "1.6"]
[White "Wojtacha, Krzysztof"]
[Black "Warchol, Kamil"]
[Result "0-1"]
[WhiteTitle "II"]
[BlackTitle "CM"]
[WhiteElo "1150"]
[BlackElo "1431"]

1. e4 e5 2. Nf3 Nc6 3. Bb5 a6 4. Ba4 Nf6 5. d3 b5 6. Bb3 Bc5 7. Nc3 O-O 8. Nd5
h6 9. Nxf6+ Qxf6 10. Rg1 Nd4 11. c3 Nxf3+ 12. Qxf3 Qxf3 13. gxf3 Kh7 14. Be3 Bxe3
15. fxe3 f5 16. exf5 Bb7 17. e4 Rad8 18. O-O-O d5 19. Rg3 c5 20. Rdg1 Rf7 21.
c4 bxc4 22. exd5 cxb3 23. axb3 Bxd5 24. Kc2 Rb8 25. Ra1 Bxb3+ 26. Kc3 Rb6 27.
Ra3 Bd5 28. Ra5 Rc6 29. Ra4 Rxf5 30. Rag4 g6 31. h4 Rxf3 32. Rg1 e4 33. h5 Rxd3+
34. Kc2 Bb3+ 35. Kc1 Rcd6 36. hxg6+ Kg7 37. Rxe4 Rd1+ 38. Rxd1 Rxd1# 0-1

[Event "Mistrzostwa Polski Mlodzikow do 10 lat  - chlopcy"]
[Site "Chrusty k. Zagnanska"]
[Date "1899-12-30"]
[Round "1.7"]
[White "Wierzbicki, Dawid"]
[Black "Makuch, Tomasz"]
[Result "1-0"]
[WhiteTitle "I"]
[BlackTitle "III"]
[WhiteElo "1419"]
[BlackElo "1149"]

1. e4 e5 2. Nf3 Nc6 3. Bc4 Nf6 4. d3 Bc5 5. O-O O-O 6. c3 Na5 7. Nxe5 Nxc4 8. Nxc4
d5 9. exd5 Bg4 10. Qb3 Qxd5 11. Be3 Rfe8 12. Bxc5 Be2 13. Ne3 Qxc5 14. d4 Qc6
15. Re1 Bd3 16. Nd2 Rad8 17. Nf3 Be4 18. Ne5 Qd6 19. Nxf7 Qf4 20. Nxd8+ Kh8 21.
Nf7+ Kg8 22. Nd6+ Kh8 23. Nxe8 Ng4 24. Nxg4 Qxg4 25. Rxe4 Qxe4 26. Qf7 1-0

[Event "Mistrzostwa Polski Mlodzikow do 10 lat  - chlopcy"]
[Site "Chrusty k. Zagnanska"]
[Date "1899-12-30"]
[Round "1.8"]
[White "Sowinski, Pawel"]
[Black "Grot, Blazej"]
[Result "0-1"]
[WhiteTitle "II"]
[BlackTitle "CM"]
[WhiteElo "1142"]
[BlackElo "1418"]

1. Nf3 d5 2. d4 Nf6 3. c4 c6 4. Nc3 e6 5. e3 Nbd7 6. Bd2 Bd6 7. c5 Be7 8. b4 b6
9. Rc1 Qc7 10. Qa4 Bb7 11. Be2 a5 12. bxa5 bxc5 13. Rb1 cxd4 14. exd4 Ba6 15.
Rc1 O-O 16. O-O Ne4 17. Bxa6 Nxd2 18. Nxd2 Rxa6 19. Qc2 Rxa5 20. Nb3 Ra6 21. Rfe1
Bd6 22. g3 Rb8 23. f4 Bb4 24. Qe2 Qa7 25. Qd3 Bxc3 26. Rxc3 Rxa2 27. Rxc6 Rb2
28. Nc5 Qa2 29. Qf3 Rb1 30. Rf1 Rxf1+ 31. Qxf1 Rb1 32. Nxd7 Rxf1+ 33. Kxf1 h5
34. Ne5 Qa1+ 35. Kg2 Qxd4 36. Rc8+ Kh7 37. Nxf7 Qe4+ 38. Kg1 Qe1+ 39. Kg2 Qd2+
40. Kh3 d4 41. Rh8+ Kg6 42. Ne5+ Kf5 43. Rxh5+ Kf6 44. Rh8 Qe2 45. Rd8 Qf1+ 46.
Kh4 g5+ 47. Kg4 gxf4 48. Nc6 Qe2+ 49. Kh3 Qh5+ 50. Kg2 f3+ 51. Kh1 f2 52. Rf8+
Kg7 53. Rxf2 Qd5+ 54. Kg1 Qxc6 0-1

[Event "Mistrzostwa Polski Mlodzikow do 10 lat  - chlopcy"]
[Site "Chrusty k. Zagnanska"]
[Date "1899-12-30"]
[Round "1.9"]
[White "Jaworski, Tymon"]
[Black "Jasiulewicz, Dawid"]
[Result "1-0"]
[WhiteTitle "II"]
[BlackTitle "II"]
[WhiteElo "1403"]
[BlackElo "1141"]

1. e4 c5 2. Nf3 e6 3. d4 cxd4 4. Nxd4 a6 5. Be2 b5 6. O-O Bb7 7. Bf3 d5 8. exd5
Bxd5 9. Nc3 Nf6 10. Nxd5 Nxd5 11. Re1 Qd7 12. Nxe6 fxe6 13. Qxd5 Qxd5 14. Bxd5
Ra7 15. Rxe6+ Re7 16. Rxe7+ Bxe7 17. Bf4 Nd7 18. Bc6 Kf7 19. Bxd7 Rd8 20. Bf5
g6 21. Be4 Rd4 22. f3 Bf6 23. c3 Rd8 24. Kf2 a5 25. Ke2 b4 26. Bc7 Rc8 27. Bxa5
bxc3 28. Bxc3 Bxc3 29. bxc3 Rxc3 30. a4 Rc7 31. a5 Ra7 32. a6 Ke7 33. Bb7 Kd6
34. Rc1 h5 35. Rc8 g5 36. Ra8 Rxa8 37. Bxa8 Kc7 38. Ke3 g4 39. fxg4 hxg4 40. Kf4
Kb6 41. Bb7 Ka7 42. Kxg4 Kb8 43. h4 Kc7 44. h5 Kb6 45. h6 Kc7 46. h7 Kb6 47. h8=Q
Kc5 48. a7 Kd6 49. a8=R Kc5 50. Qc8+ Kd6 51. Ra6+ Ke5 52. Qc5# 1-0

[Event "Mistrzostwa Polski Mlodzikow do 10 lat  - chlopcy"]
[Site "Chrusty k. Zagnanska"]
[Date "1899-12-30"]
[Round "1.10"]
[White "Stanik, Szymon"]
[Black "Musial, Igor"]
[Result "0-1"]
[WhiteTitle "II"]
[BlackTitle "II+"]
[WhiteElo "1137"]
[BlackElo "1399"]

1. e4 c5 2. Nf3 d6 3. d4 cxd4 4. Nxd4 Nf6 5. Nc3 Nc6 6. Bg5 e6 7. Bb5 Bd7 8. Qd2
h6 9. Be3 a6 10. Nxc6 bxc6 11. Be2 d5 12. f3 Qa5 13. O-O Bb4 14. Qd3 O-O 15. Bd4
Nh7 16. a3 Bxc3 17. Bxc3 Qb6+ 18. Kh1 Rfe8 19. f4 c5 20. exd5 exd5 21. Qxd5 Bc6
22. Qd2 Rad8 23. Bd3 c4 24. Bxh7+ Kxh7 25. Qf2 Qb7 26. Qg3 f6 27. f5 Re2 28. Rf2
Rde8 29. Raf1 R8e3 30. Qg6+ Kh8 31. h3 Rxh3+ 32. Kg1 Rhe3 33. Bxf6 Rxf2 34. Rxf2
Re1+ 35. Rf1 Qa7+ 36. Kh2 Rxf1 37. Qxh6+ Kg8 38. Bxg7 Qg1+ 39. Kh3 Qxg2+ 40. Kh4
Rh1# 0-1

[Event "Mistrzostwa Polski Mlodzikow do 10 lat  - chlopcy"]
[Site "Chrusty k. Zagnanska"]
[Date "1899-12-30"]
[Round "1.11"]
[White "Zieba, Hubert"]
[Black "Spionkowski, Fabian"]
[Result "1/2-1/2"]
[WhiteTitle "II"]
[BlackTitle "II"]
[WhiteElo "1331"]
[BlackElo "1125"]

1. c4 g6 2. Nf3 Bg7 3. g3 Nf6 4. Bg2 d6 5. Nc3 O-O 6. O-O Nc6 7. d4 e6 8. a3 a5
9. e4 e5 10. d5 Ne7 11. Nh4 b6 12. a4 Ba6 13. b3 c6 14. dxc6 Nxc6 15. Nb5 Bxb5
16. cxb5 Nd4 17. Be3 Rb8 18. Bxd4 exd4 19. Rc1 Re8 20. Nf3 Nxe4 21. Nxd4 Bxd4
22. Qxd4 Nc5 23. Qc4 Rc8 24. Bc6 Nd7 25. Qd4 Ne5 26. Bg2 Qf6 27. Rxc8 Rxc8 28.
Rd1 Rc1 29. Qd2 Rxd1+ 30. Qxd1 Qe6 31. Bd5 Qf5 32. Qe2 Qb1+ 33. Kg2 Qf5 34. f4
1/2-1/2

[Event "Mistrzostwa Polski Mlodzikow do 10 lat  - chlopcy"]
[Site "Chrusty k. Zagnanska"]
[Date "1899-12-30"]
[Round "1.12"]
[White "Komendecki, Antoni"]
[Black "Ptaszynski, Szymon"]
[Result "1/2-1/2"]
[WhiteTitle "II"]
[BlackTitle "II"]
[WhiteElo "1123"]
[BlackElo "1312"]

1. e4 c5 2. Nf3 e6 3. d4 cxd4 4. Nxd4 a6 5. a4 Nf6 6. Nc3 Qc7 7. Be3 d6 8. Bd3
Be7 9. O-O Nbd7 10. Qe2 Nc5 11. Rad1 b6 12. Rfe1 Bb7 13. Bg5 h6 14. Bh4 O-O 15.
Bg3 Nfd7 16. h3 Bf6 17. Qe3 Bg5 18. f4 Bf6 19. Rd2 Nxd3 20. Rxd3 Nc5 21. Rd2 Bc6
22. Nxc6 Qxc6 23. Red1 Rfd8 24. e5 dxe5 25. fxe5 Rxd2 26. Rxd2 Be7 27. b3 Nd7
28. Qe4 Qxe4 29. Nxe4 Nc5 30. Nxc5 Bxc5+ 31. Bf2 Bxf2+ 32. Kxf2 Kf8 33. Rd7 Rb8
34. Rc7 b5 35. a5 Ra8 36. Ke3 Rd8 37. c3 g6 38. g4 g5 39. Ra7 Rc8 40. Kd2 Rc6
41. Kd3 Kg7 42. Rb7 Rc8 43. c4 bxc4+ 44. bxc4 Rc5 45. Kc3 Rxa5 46. Kd4 Kg6 47.
Ra7 f6 48. c5 fxe5+ 49. Kxe5 Rxc5+ 50. Kxe6 Ra5 51. Rf7 Rb5 52. Rf5 Rb3 53. Ke7
Rxh3 54. Rf6+ Kg7 55. Rf7+ Kh8 56. Rf8+ Kh7 1/2-1/2

[Event "Mistrzostwa Polski Mlodzikow do 10 lat  - chlopcy"]
[Site "Chrusty k. Zagnanska"]
[Date "1899-12-30"]
[Round "1.13"]
[White "Adamala, Jacek"]
[Black "Wolak, Maciej"]
[Result "1-0"]
[WhiteTitle "II"]
[BlackTitle "II"]
[WhiteElo "1310"]
[BlackElo "1101"]

1. e4 c5 2. Nf3 d6 3. d4 cxd4 4. Nxd4 Nf6 5. f3 g6 6. c4 Bg7 7. Nc3 O-O 8. Be3
Nc6 9. Qd2 Bd7 10. Be2 Rc8 11. Nc2 Na5 12. b3 Be6 13. Rc1 a6 14. O-O Nd7 15. Nd4
Nc5 16. Nxe6 Nxe6 17. Nd5 Nc6 18. f4 Ned4 19. f5 Nxe2+ 20. Qxe2 Ne5 21. Bb6 Qd7
22. f6 exf6 23. c5 Qe6 24. cxd6 Qxd6 25. Rcd1 Qe6 26. Qf2 Ng4 27. Qf3 Rfe8 28.
h3 Ne5 29. Nxf6+ Kh8 30. Qf2 Bxf6 31. Qxf6+ Qxf6 32. Rxf6 Kg7 33. Rfd6 Rc2 34.
R1d2 Rec8 35. Bd4 Rc1+ 36. Kf2 Re8 37. Bb2 Rc7 38. Rd7 Rxd7 39. Rxd7 Kg8 40. Bxe5
Rxe5 41. Kf3 Rb5 42. Ke3 Kg7 43. Kd4 Kf6 44. e5+ Ke6 45. Rd8 Ke7 46. Rc8 Ke6 47.
Rc5 h5 48. Rxb5 axb5 49. a4 bxa4 50. bxa4 Kd7 51. a5 Kc6 52. Kc4 Kd7 53. Kd5 Ke7
54. h4 Kd7 55. g3 Ke7 56. e6 fxe6+ 57. Ke5 Kf7 58. Kd6 Kf6 59. Kc7 e5 60. Kxb7
e4 61. a6 e3 62. a7 e2 63. a8=Q e1=Q 64. Qf8+ Ke5 65. Qe7+ Kf5 66. Qxe1 Kg4 67.
Kc6 Kf5 68. Kd5 Kg4 69. Qe4+ Kxg3 70. Qxg6+ Kxh4 71. Qg1 Kh3 72. Ke4 h4 73. Qg5
Kh2 74. Qxh4+ Kg2 75. Qg4+ Kf1 76. Qf3+ Kg1 77. Qe2 Kh1 78. Kf3 Kg1 79. Qg2# 1-0

[Event "Mistrzostwa Polski Mlodzikow do 10 lat  - chlopcy"]
[Site "Chrusty k. Zagnanska"]
[Date "1899-12-30"]
[Round "1.14"]
[White "Chomicki, Kornel"]
[Black "Krol, Jan"]
[Result "1/2-1/2"]
[WhiteTitle "III"]
[BlackTitle "II"]
[WhiteElo "1093"]
[BlackElo "1310"]

1. e4 c5 2. Nf3 d6 3. d4 cxd4 4. Nxd4 Nf6 5. Nc3 g6 6. f4 Bg7 7. Nf3 Nc6 8. Bd2
a6 9. Be2 O-O 10. h3 b5 11. a3 Bb7 12. Ng5 h6 13. Nf3 Qc7 14. Be3 Rad8 15. Qd2
Kh7 16. O-O-O Na5 17. Qe1 Nxe4 18. Nxe4 Bxe4 19. Rd2 Nc4 20. Bxc4 Qxc4 21. Qf2
Rc8 22. Ne1 b4 23. b3 Qc3 24. Bd4 Bxd4 25. Qxd4 bxa3 26. Qxc3 Rxc3 27. Rf1 Rfc8
28. Rff2 Rxb3 29. Rd1 Rb4 30. Kd2 Rd4+ 31. Nd3 Bxd3 32. cxd3 Ra4 33. Rff1 a2 34.
Ra1 Ra3 35. Rfd1 Rcc3 36. Ke2 Rcb3 37. Rd2 Rb8 38. Raxa2 Rxa2 39. Rxa2 Ra8 40.
Kd2 Kg7 41. g4 Kf6 42. h4 g5 43. fxg5+ hxg5 44. h5 Ke6 45. Ra5 f6 46. Ke3 Kf7
47. d4 e6 48. Ke4 d5+ 49. Ke3 Ke7 50. Kd3 Kd6 51. Kc3 e5 52. Kd3 Ke6 53. Ke3 Ra7
54. h6 Rh7 55. Rxa6+ Kf7 56. Ra5 exd4+ 57. Kxd4 Rxh6 58. Kxd5 Rh1 59. Ke4 Re1+
60. Kf3 Rb1 61. Ra7+ Kg6 62. Ra6 Rb3+ 63. Kg2 Rb2+ 64. Kg3 Rb1 65. Kg2 Rb4 66.
Kg3 Rf4 67. Rb6 Kf7 68. Ra6 Ke7 69. Rb6 Rd4 70. Rb3 Ke6 71. Re3+ Kd5 72. Rf3 Ke5
73. Rf5+ Ke6 74. Rf3 Rd6 75. Re3+ Kd5 76. Rd3+ Ke5 77. Rf3 Ke4 78. Rf2 Rd3+ 79.
Kg2 Rd6 80. Kg3 Ke5 81. Re2+ Kd5 82. Rd2+ Ke6 83. Re2+ Kf7 84. Rf2 Rd5 85. Rf1
Ke6 86. Rf2 Rd3+ 87. Kg2 Ke5 88. Re2+ Kf4 89. Rf2+ Kxg4 90. Rxf6 Rd2+ 91. Kg1
Kg3 92. Rf1 g4 93. Kh1 Kh3 94. Kg1 g3 95. Re1 Rf2 96. Rd1 Rf3 97. Re1 Rf5 98.
Re2 Rb5 99. Re1 Kg4 100. Rf1 Rb6 101. Kg2 Rb2+ 102. Kg1 Kh3 103. Re1 Rg2+ 104.
Kh1 Rh2+ 105. Kg1 Rf2 106. Rd1 Rf3 107. Rd2 Rb3 108. Rd1 g2 109. Re1 Kg3 110.
Rc1 Kf3 111. Ra1 Re3 112. Rb1 Kg3 113. Rc1 Kh3 114. Rd1 Rf3 115. Rc1 Kg3 116.
Rd1 Re3 117. Rc1 Kf3 118. Rb1 Rc3 119. Ra1 Re3 120. Rc1 Rb3 121. Ra1 Kg3 122.
Rd1 Rf3 123. Rc1 Rf4 124. Rd1 Rf3 125. Rc1 Rf2 126. Rb1 Rc2 127. Ra1 Rc3 128.
Rb1 Kf3 129. Ra1 Rb3 130. Rc1 Ra3 131. Rb1 Kg3 132. Rc1 Kh3 133. Rb1 Rg3 134.
Rc1 Kh4 135. Rc4+ Kh3 136. Rc1 Rf3 137. Rd1 1/2-1/2

[Event "Mistrzostwa Polski Mlodzikow do 10 lat  - chlopcy"]
[Site "Chrusty k. Zagnanska"]
[Date "1899-12-30"]
[Round "1.15"]
[White "Baszczynski, Gabriel"]
[Black "Duda, Szymon"]
[Result "1/2-1/2"]
[WhiteTitle "II"]
[BlackTitle "III"]
[WhiteElo "1299"]
[BlackElo "1085"]

1. Nf3 Nf6 2. g3 d5 3. Bg2 c5 4. O-O e6 5. d3 Nc6 6. Nbd2 Bd6 7. b3 O-O 8. Bb2
Qc7 9. e4 Ne5 10. Qe2 dxe4 11. dxe4 Nfd7 12. Nxe5 Bxe5 13. Bxe5 Nxe5 14. f4 Nc6
15. e5 Bd7 16. Ne4 Ne7 17. Rad1 Bc6 18. Qe3 Bxe4 19. Bxe4 Rad8 20. Qf3 Nc6 21.
Bxc6 Qxc6 22. Qxc6 bxc6 23. Kf2 Rd5 24. Ke2 Rfd8 25. Rd3 Kf8 26. Rfd1 Ke7 27.
c4 Rxd3 28. Rxd3 Rxd3 29. Kxd3 f6 30. exf6+ gxf6 31. g4 h6 32. Ke4 Kf7 33. h4
Kg6 34. a3 a5 35. a4 h5 36. g5 Kf7 37. Kd3 f5 1/2-1/2

[Event "Mistrzostwa Polski Mlodzikow do 10 lat  - chlopcy"]
[Site "Chrusty k. Zagnanska"]
[Date "1899-12-30"]
[Round "1.16"]
[White "Murawski, Milosz"]
[Black "Raczek, Krzysztof"]
[Result "1-0"]
[WhiteTitle "II"]
[BlackTitle "II"]
[WhiteElo "1068"]
[BlackElo "1290"]

1. c4 e5 2. Nc3 Bb4 3. Nf3 Bxc3 4. bxc3 Nc6 5. g3 f5 6. Bg2 Nf6 7. d4 d6 8. d5
Ne7 9. O-O O-O 10. Qb3 Kh8 11. Rd1 h6 12. Ba3 f4 13. gxf4 exf4 14. Nd4 g5 15.
c5 h5 16. c4 g4 17. f3 g3 18. cxd6 cxd6 19. Qb4 Ne8 20. Bb2 Kg8 21. Ne6 Bxe6 22.
dxe6 Qc8 23. Bh3 Nf5 24. e7 Rf7 25. Qb5 Qc5+ 26. Qxc5 dxc5 27. Rd8 Rxe7 28. Rxa8
Nh4 29. Bf6 Rxe2 30. Bxh4 Rxh2 31. Rxe8+ Kf7 32. Re7+ Kf8 33. Rd1 Rxh3 34. Rd8#
1-0

[Event "Mistrzostwa Polski Mlodzikow do 10 lat  - chlopcy"]
[Site "Chrusty k. Zagnanska"]
[Date "1899-12-30"]
[Round "1.17"]
[White "Karp, Kacper"]
[Black "Ratajczak, Marcin"]
[Result "1-0"]
[WhiteTitle "II+"]
[BlackTitle "III"]
[WhiteElo "1287"]
[BlackElo "1062"]

1. e4 c5 2. Nf3 d6 3. d4 cxd4 4. Nxd4 Nf6 5. Nc3 e6 6. Be3 a6 7. f3 Be7 8. Qd2
O-O 9. O-O-O b5 10. g4 b4 11. Nce2 a5 12. g5 Ne8 13. h4 Na6 14. Nc6 Qd7 15. Nxe7+
Qxe7 16. h5 d5 17. g6 h6 18. gxf7+ Rxf7 19. Rg1 Kh8 20. Nf4 Qc7 21. Kb1 dxe4 22.
fxe4 Nf6 23. e5 Ne4 24. Qd8+ Kh7 25. Bxa6 Rxa6 26. Ng6 Qxd8 27. Rxd8 Ng5 28. Rh8#
1-0

[Event "Mistrzostwa Polski Mlodzikow do 10 lat  - chlopcy"]
[Site "Chrusty k. Zagnanska"]
[Date "1899-12-30"]
[Round "1.18"]
[White "Olszewski, Antoni"]
[Black "Sniadecki, Oskar"]
[Result "0-1"]
[WhiteTitle "II"]
[BlackTitle "II"]
[WhiteElo "1061"]
[BlackElo "1277"]

1. e4 e6 2. d4 b6 3. c4 Bb7 4. Nc3 Bb4 5. Bd3 Nf6 6. Bg5 h6 7. Bxf6 Qxf6 8. Nf3
Qg6 9. Qe2 d6 10. O-O Nd7 11. e5 Qg4 12. exd6 Bxd6 13. Be4 c6 14. Rfe1 Nf6 15.
h3 Qh5 16. Bc2 O-O 17. Rad1 Rfe8 18. Ne5 Qxe2 19. Rxe2 Rac8 20. Ne4 Nxe4 21. Bxe4
Red8 22. Red2 Kf8 23. c5 Bxe5 24. dxe5 Ke7 25. cxb6 axb6 26. Rd6 Rxd6 27. Rxd6
b5 28. Kf1 Ra8 29. a3 Ra6 30. Ke2 Rb6 31. Kd3 Ra6 32. Kd4 Ra4+ 33. b4 c5+ 34.
Ke3 Rxa3+ 35. Kf4 g5+ 0-1

[Event "Mistrzostwa Polski Mlodzikow do 10 lat  - chlopcy"]
[Site "Chrusty k. Zagnanska"]
[Date "1899-12-30"]
[Round "1.19"]
[White "Klim, Filip"]
[Black "Bochniak, Franciszek"]
[Result "1-0"]
[WhiteTitle "II+"]
[BlackTitle "III"]
[WhiteElo "1232"]
[BlackElo "1059"]

1. d4 d5 2. Nf3 Nc6 3. Bf4 Bf5 4. e3 a6 5. c4 Nf6 6. Nc3 e6 7. Qb3 Bb4 8. a3 Bxc3+
9. bxc3 Rb8 10. Be2 O-O 11. O-O Bg4 12. cxd5 Nxd5 13. Bg3 Qd7 14. c4 Nb6 15. Qc2
Bxf3 16. gxf3 Rbc8 17. Kh1 Rfe8 18. Rg1 f6 19. Bh4 Qf7 20. Rg2 g6 21. Rag1 Ne7
22. Bd3 f5 23. e4 c5 24. Bxe7 Rxe7 25. exf5 cxd4 26. fxg6 Qxf3 27. gxh7+ Kh8 28.
Be4 Qf7 29. Qd2 e5 30. Qh6 Nxc4 31. Rg8+ Rxg8 32. hxg8=Q# 1-0

[Event "Mistrzostwa Polski Mlodzikow do 10 lat  - chlopcy"]
[Site "Chrusty k. Zagnanska"]
[Date "1899-12-30"]
[Round "1.20"]
[White "Pawlowski, Kamil"]
[Black "Krasniewski, Maciej"]
[Result "0-1"]
[WhiteTitle "II"]
[BlackTitle "II"]
[WhiteElo "1054"]
[BlackElo "1232"]

1. e4 g6 2. d4 Bg7 3. Nf3 d6 4. Nc3 Nf6 5. Be3 O-O 6. Bd3 Bg4 7. h3 Bxf3 8. Qxf3
Nc6 9. O-O e5 10. dxe5 Nxe5 11. Qe2 Nxd3 12. cxd3 Nd7 13. f4 Re8 14. Qg4 c6 15.
f5 Ne5 16. Qe2 d5 17. d4 Nc4 18. e5 a5 19. b3 Nxe3 20. Qxe3 c5 21. Rae1 Rc8 22.
Nb5 Qb6 23. Nd6 Qxd6 24. f6 Bxf6 25. Qf4 Qd7 26. exf6 Rxe1 27. Rxe1 Qf5 28. Qc7
h6 29. Qxb7 cxd4 30. g4 Qc2 31. Qxd5 Qc3 32. Re7 Qg3+ 33. Kf1 Qxh3+ 34. Ke1 Qg3+
35. Kd2 Qf4+ 36. Kd3 Rc3+ 37. Ke2 Qxg4+ 38. Kd2 Qf4+ 39. Ke2 Qxf6 40. Qd8+ Kg7
41. Re8 Qxd8 42. Rxd8 Rc2+ 43. Kd3 Rxa2 44. Rxd4 h5 45. Ke3 Ra3 46. Rd3 h4 47.
Kf3 a4 48. Kg4 Rxb3 49. Rd4 a3 50. Ra4 a2 51. Rxa2 Rb4+ 52. Kh3 g5 53. Rg2 Kg6
54. Rc2 f5 55. Rc6+ Kh5 56. Rc5 g4+ 57. Kg2 Rb2+ 58. Kg1 Kg5 59. Kh1 h3 60. Kg1
g3 61. Kf1 h2 62. Rxf5+ Kxf5 63. Ke1 h1=R# 0-1

[Event "Mistrzostwa Polski Mlodzikow do 10 lat  - chlopcy"]
[Site "Chrusty k. Zagnanska"]
[Date "1899-12-30"]
[Round "1.21"]
[White "Pelka, Maciej"]
[Black "Goral, Antoni"]
[Result "1-0"]
[WhiteTitle "II"]
[BlackTitle "III"]
[WhiteElo "1227"]
[BlackElo "1047"]

1. e4 e6 2. d4 d5 3. Nc3 Nf6 4. exd5 exd5 5. Nf3 Bb4 6. Bd3 O-O 7. O-O Bg4 8. h3
Bxf3 9. Qxf3 Nc6 10. Ne2 Re8 11. Qg3 Qd6 12. Bf4 Qe6 13. Bxc7 Rac8 14. Bf4 Rcd8
15. Bc1 Bd6 16. f4 Nb4 17. Nc3 Nxd3 18. cxd3 a6 19. Qh4 Qf5 20. Rf3 Re7 21. Bd2
Bb4 22. Rg3 Bxc3 23. Bxc3 Qh5 24. Qxf6 Kf8 25. Rxg7 Rde8 26. Bb4 Qf5 27. Rxf7+
Kg8 28. Qg7# 1-0

[Event "Mistrzostwa Polski Mlodzikow do 10 lat  - chlopcy"]
[Site "Chrusty k. Zagnanska"]
[Date "1899-12-30"]
[Round "1.22"]
[White "Grobelny, Mikolaj"]
[Black "Pawicki, Filip"]
[Result "1-0"]
[WhiteTitle "II"]
[BlackTitle "II"]
[WhiteElo "1031"]
[BlackElo "1219"]

1. e4 e5 2. Nf3 Nc6 3. Nc3 Nf6 4. a3 a6 5. d4 exd4 6. Nxd4 Nxd4 7. Qxd4 d6 8. Bg5
Be7 9. Nd5 Nxd5 10. Qxg7 Kd7 11. Qxf7 Nb6 12. e5 a5 13. e6+ Kc6 14. Bxe7 Qg8 15.
Qxg8 Rxg8 16. g3 Re8 17. Bg2+ Kc5 18. Bg5 Rxe6+ 19. Be3+ Kb5 20. O-O-O Ra6 21.
Bf1+ Ka4 22. Bxa6 bxa6 23. Bxb6 cxb6 24. Rhe1 Rxe1 25. Rxe1 Kb5 26. f3 Bb7 27.
Re7 Bc6 28. Rxh7 a4 29. f4 Kc5 30. Re7 Kd5 31. f5 Kd4 32. f6 Bd5 33. h4 Bg8 34.
h5 Bh7 35. Rxh7 Ke5 36. f7 Ke6 37. f8=Q d5 38. Re7+ Kd6 39. Re4+ Kd7 40. Qg7+
Kc8 41. Re8# 1-0

[Event "Mistrzostwa Polski Mlodzikow do 10 lat  - chlopcy"]
[Site "Chrusty k. Zagnanska"]
[Date "1899-12-30"]
[Round "2.1"]
[White "Pelka, Maciej"]
[Black "Seemann, Jakub"]
[Result "0-1"]
[WhiteTitle "II"]
[BlackTitle "II+"]
[WhiteElo "1227"]
[BlackElo "1627"]

1. c4 g6 2. g3 Bg7 3. Bg2 Nf6 4. e3 O-O 5. Ne2 d6 6. Nbc3 Nc6 7. O-O e5 8. d4 exd4
9. Nxd4 Nxd4 10. exd4 c6 11. Bf4 Nh5 12. Be3 f5 13. f4 Re8 14. Re1 Nf6 15. Bf3
Ng4 16. Bxg4 fxg4 17. Qd2 Bf5 18. Bf2 Qf6 19. b4 Qf7 20. c5 dxc5 21. bxc5 Rxe1+
22. Rxe1 Rd8 23. Ne4 Bf8 24. Qb2 Rd7 25. Ng5 Qc4 26. Ne4 Bxe4 27. Rxe4 Bxc5 28.
Re8+ Bf8 29. Be3 Kf7 30. Re5 Bg7 31. Rc5 Bxd4 32. Rxc4 Bxb2 33. Kf2 a6 34. Ke2
Ke6 35. Rc2 Bd4 36. Bc1 Kf5 37. Rd2 c5 38. Kf1 b5 39. Re2 b4 40. Re8 c4 41. Rc8
c3 42. Rc4 a5 43. Kg2 Ke4 44. Kf1 Kf5 0-1